书目信息 |
| 题名: |
好房子
|
|
| 作者: | 牛新国 , 李冬 主编 | |
| 分册: | ||
| 出版信息: | 西安 西安地图出版社 2006.12 |
|
| 页数: | 302页 | |
| 开本: | 21cm | |
| 丛书名: | ||
| 单 册: | ||
| 中图分类: | TU241 | |
| 科图分类: | ||
| 主题词: | 生态型--住宅--研究 | |
| 电子资源: | ||
| ISBN: | 7-80670-993-2 | |
| 000 | 00937nam0 2200241 450 | |
| 001 | 003392321 | |
| 005 | 20100816110654.37 | |
| 010 | @a7-80670-993-2@dCNY20.00 | |
| 100 | @a20100515d2006 em y0chiy50 ea | |
| 101 | 0 | @achi |
| 102 | @aCN@b610000 | |
| 105 | @ay z 000yy | |
| 200 | 1 | @a好房子@Ahao fang zi@e风水宝地里"长"出的生态住宅@f牛新国, 李冬主编 |
| 210 | @a西安@c西安地图出版社@d2006.12 | |
| 215 | @a302页@d21cm | |
| 330 | @a本书全面介绍了有关“绿居——生态住宅”的相关概念和知识,重点阐述了如何选择环境友好型的楼盘和社区、如何进行居室的合理设计和健康装修、如何对室内环境污染进行正确的削断和有效的防治,倡导以“绿色简朴”为核心的生活方式的革命。 | |
| 517 | 1 | @a风水宝地里"长"出的生态住宅@Afeng shui bao di li"chang"chu de sheng tai zhu zhai |
| 606 | 0 | @a生态型@x住宅@x研究 |
| 690 | @aTU241@v4 | |
| 701 | 0 | @a牛新国@Aniu xin guo@4主编 |
| 701 | 0 | @a李冬@Ali dong@4主编 |
| 801 | 0 | @aCN@c20100515 |
| 905 | @dTU241@eN721-2@f3 | |
| 好房子:风水宝地里"长"出的生态住宅/牛新国, 李冬主编.-西安:西安地图出版社,2006.12 |
| 302页;21cm |
| ISBN 7-80670-993-2:CNY20.00 |
| 本书全面介绍了有关“绿居——生态住宅”的相关概念和知识,重点阐述了如何选择环境友好型的楼盘和社区、如何进行居室的合理设计和健康装修、如何对室内环境污染进行正确的削断和有效的防治,倡导以“绿色简朴”为核心的生活方式的革命。 |
| ● |
| 相关链接 |
|
|
|
正题名:好房子
索取号:TU241/N721-2
 
预约/预借
| 序号 | 登录号 | 条形码 | 馆藏地/架位号 | 状态 | 备注 |
| 1 | 1029414 | 210294144 | 建筑与城市规划学院资料室/101建筑库 31排1列5层/ [索取号:TU241/N721-2] | 在馆 | |
| 2 | 1029415 | 210294153 | 建筑与城市规划学院资料室/101建筑库 31排1列5层/ [索取号:TU241/N721-2] | 在馆 | |
| 3 | 1029416 | 210294162 | 建筑与城市规划学院资料室/101建筑库 31排1列5层/ [索取号:TU241/N721-2] | 在馆 |